| 000 | 00573nam a22001577a 4500 | ||
|---|---|---|---|
| 008 | 230525b |||||||| |||| 00| 0 eng d | ||
| 020 | _a81-85375-19-4 | ||
| 040 |
_aNational Science Library _cNational Science Library |
||
| 080 |
_a556.55(082.2) _bN3 |
||
| 245 |
_aAdvances in limnology: _c/ Proceedings of the National Symposium on Advances in Limnology and Conservation of Endangered Fish Species, Oct 23-25, 1989 |
||
| 260 |
_aDelhi: _bNarendra Publishing House, _c1993 |
||
| 300 | _axv, 366p. | ||
| 650 | _aScience | ||
| 700 | _aSingh, H R (Ed.) | ||
| 942 |
_2udc _cPR |
||
| 999 |
_c34640 _d34640 |
||